LEADER 01039nam a2200205 4500 001 000000338389 003 CaOOAMICUS 005 20191206123615.0 008 191206s1793 it a 000 u fre r 026 $antur o.i- lana sedo (3) 1793 (R) 040 $aSeMil$bita 245 00$a1: ABE-DRA. 264 1$aA Padoue :$b[s.n.],$c1793. 300 $aVIII, 400 p. :$bill. ;$cfol. 773 0 $tEncyclopédie méthodique. Nouvele édition enrichie de remarques dédiée a la séreénissime République de Venise. Amusemens des sciences mathématiques et physiques; procédés curieux des arts; tours récréatifs et découvertes ingénieuses et variEes de l'industrie; avec l'explication de planches, et de figures qui y sont relatives.$dA Padoue : [s.n.], 1793.$g1$w()338388 850 $aSeMil 852 $aSeMil$W1$xVenegono$y1$m3XE VII 32 FA$j217536$B229639$CSeMilBibl$Z2$F229639 $8I 996 $6245$a1: ABE-DRA$9(OLS)http://semarc/title/427272 996 $6264$aA Padoue :$b[s.n.]$9(OLS)http://semarc/publisher/58725 LEADER 00861nam a2200169 i 4500 001 000000258097 003 CaOOAMICUS 005 20180412000000.0 008 180412s1803 xx u000 u fre u 013 $a237005 040 $aSeMil$bita 245 10$aTome 11. 300 $a[4], 326 p. 773 0 $aLamarck, Jean-Baptiste de Monet : de <1744-1829>$tHistoire naturelle des végétaux classés par familles, Avec la citation de la classe et de l'ordre de Linné, et l'indication de l'usage que l'on peut faire des plantes dans les arts, le commerce, .. Par J.B. Lamarck, ... et par B. Mirbel, ..$dA Paris : Chez Deterville, rue du Battoir, n. 16 : De l'Imprimerie de Crapelet, An XI. 1803.$g11$w()10888 850 $aSeMil 852 $aSeMil$W1$xVenegono$y1$m3W I 169 FA$j208443$B208443$CSeMilBibl$Z2$F222076 $8I 996 $6245$aTome 11$9(OLS)http://semarc/title/112445